000 00606nam a22002297a 4500
003 UA-OsUOA
001 39732
007 ta
008 20060626b un ||||| |||| 00| 0 ukr d
100 _aФрейденберг М.М.
090 _a94(560)
_bФ86
942 _cBK
040 _aUA-OsUOA
_brus
_cUA-OsUOA
_dUA-OsUOA
245 _aДубровник и Османская империя
300 _a280 с.
955 _a1
041 _arus
080 _a94(560)
260 _aМ.
_bНаука
_c1984
650 7 _a9 Географія. Біографії. Історія
_2UDC
999 _c325872
_d325872